| 000 | 00691nam a22001697a 4500 | ||
|---|---|---|---|
| 008 | 160411b xxu||||| |||| 00| 0 eng d | ||
| 082 |
_22006 _aUT 0041 _bC16 |
||
| 100 |
_95172 _aCanono, Wendel Hannah A. |
||
| 245 |
_aProfessional attributes of staff nurses and patient's satisfaction index at Davao del Sur Provincial hospital/ _cWendel Hannah A. Canono, Leah Fe C. Fernando, Leslie May M. Anito and Michelle B. Vite. |
||
| 260 |
_aDigos City: _bUMDC _cOctober 2006. |
||
| 300 |
_a50 pages; _c29 cm. |
||
| 650 | 0 |
_95173 _aNursing _xUndergraduate thesis. |
|
| 700 |
_95174 _aFernando, Leah Fe C. |
||
| 700 |
_95175 _aAnito, Leslie May M. |
||
| 700 |
_95176 _aVite, Michelle B. |
||
| 942 |
_2ddc _cUT |
||
| 999 |
_c1643 _d1643 |
||